A 2023-as Atlétikai Világbajnokság sportolói szemszögből
| Szerző: | |
|---|---|
| További közreműködők: | |
| Dokumentumtípus: | Diplomadolgozat |
| Kulcsszavak: | atlétika hivatásos sportolók sport turizmus világbajnokság |
| Online Access: | http://dolgozattar.uni-bge.hu/59481 |
MARC
| LEADER | 00000nta a2200000 i 4500 | ||
|---|---|---|---|
| 001 | dolg59481 | ||
| 005 | 20260409145124.0 | ||
| 008 | 260409suuuu hu om 000 hun d | ||
| 040 | |a BGE Dolgozattár Repozitórium |b hun | ||
| 041 | |a hu | ||
| 100 | 1 | |a Tarcsai Anna | |
| 245 | 1 | 2 | |a A 2023-as Atlétikai Világbajnokság sportolói szemszögből |c Tarcsai Anna |h [elektronikus dokumentum] |
| 520 | 3 | |a A 2023-ban Budapesten megrendezett szabadtéri atlétikai világbajnokság az elmúlt évtizedek egyik legmeghatározóbb, Magyarországon rendezett sporteseménye. Rekordszámú sportoló, akkreditált résztvevő és néző vett részt az eseménysorozaton, melynek lebonyolítása óriási befektetéseket igényelt. A dolgozat fő kutatási kérdései a profi sportolók és a sport, mint hivatásturizmus kapcsolatát, valamint a rájuk gyakorolt gazdasági és társadalmi hatásokat vizsgálják. A kutatási kérdések megválaszolásához a VB-n résztvevő, 19 hivatásos magyar atlétával készült interjúk eredményeit, valamint a szekunder kutatás során feltárt fogalmakat, meghatározásokat használtam fel. | |
| 695 | |a atlétika | ||
| 695 | |a hivatásos sportolók | ||
| 695 | |a sport | ||
| 695 | |a turizmus | ||
| 695 | |a világbajnokság | ||
| 700 | 1 | |a Nagy Adrienne |e ths | |
| 856 | 4 | 0 | |u http://dolgozattar.uni-bge.hu/59481/1/Tarcsai-Anna-szakdolgozat.pdf |z Dokumentum-elérés |
| 856 | 4 | 0 | |u http://dolgozattar.uni-bge.hu/59481/2/Tarcsai%20Anna_opponens_Blask%C3%B3%20Anik%C3%B3.pdf |z Dokumentum-elérés |
| 856 | 4 | 0 | |u http://dolgozattar.uni-bge.hu/59481/3/B%C3%ADr%C3%A1lati%20lap_BSc_Tarcsai%20Anna_Atl%C3%A9tikaVB.pdf |z Dokumentum-elérés |